000 00494nam a2200181Ia 4500
008 100920s9999 xx 000 0 und d
082 _b73357
_a28 व 22 0
100 _aROY NAVKALA.
245 _aTHE TELEPHONE How it works.
260 _b---
_c0
300 _a24
_bसाधी
365 _b12
520 _aबा.वि. एस.सी.
630 _aTHE TELEPHONE How it works.
650 _aबा.वि. एस.सी.
730 _aTHE TELEPHONE How it works.
942 _cBOOK
999 _c715035
_d715032